000 00453nam a2200181Ia 4500
005 20230109153053.0
008 131103s9999 xx 000 0 und d
040 _aLoreto College
041 _aEnglish
082 _a821.4
_bDRY-GRA
245 _aJohn Dryden
_cSelected by Douglas Grant
260 _aLondon
_bPenguin books
_c1955
300 _a2 V.
650 _aEnglish poetry
700 _aGrant, Douglas; com.
850 _aLCLIB
942 _cBK
999 _c21273
_d71752